The way of cosmic self / (Record no. 19575)

MARC details
000 -LEADER
fixed length control field 00832cam a22002534a 4500
005 - DATE AND TIME OF LATEST TRANSACTION
control field 20080820115011.0
008 - FIXED-LENGTH DATA ELEMENTS--GENERAL INFORMATION
fixed length control field 080216s2008 ii b 001 0 eng
010 ## - LCCN (DPL NO)
LC control number ENG-92049
020 ## - INTERNATIONAL STANDARD BOOK NUMBER
International Standard Book Number 9788124018040
Terms of availability 175.00
020 ## - INTERNATIONAL STANDARD BOOK NUMBER
International Standard Book Number 8124018049
Terms of availability 175.00
035 ## - SYSTEM CONTROL NUMBER
System control number EN-75582
037 ## - SOURCE OF ACQUISITION
Source of stock number/acquisition DBAD / VEN
040 ## - CATALOGING SOURCE
Original cataloging agency dpl
Language of cataloging English
082 ## - DEWEY DECIMAL CLASSIFICATION NUMBER
Edition number 22
Classification number 130
100 ## - MAIN ENTRY--PERSONAL NAME
Personal name Nair, N. Bhaskaran
245 ## - TITLE STATEMENT
Title The way of cosmic self /
Statement of responsibility, etc by N. Bhaskaran Nair
260 ## - PUBLICATION, DISTRIBUTION, ETC. (IMPRINT)
Name of publisher, distributor, etc Author
Date of publication, distribution, etc 2008
Place of publication, distribution, etc Kottayam
300 ## - PHYSICAL DESCRIPTION
Extent 215p.
Dimensions 21cm (pbk)
500 ## - GENERAL NOTE
General note Includes bibliographical references and index
650 ## - SUBJECT ADDED ENTRY--TOPICAL TERM
Source of heading or term Occultism
942 ## - ADDED ENTRY ELEMENTS (KOHA)
Source of classification or shelving scheme Dewey Decimal Classification
Item type English Books
Edition 22
Classification part 130
Call number suffix NAI
Holdings
Withdrawn status Lost status Source of classification or shelving scheme Damaged status Not for loan Collection code Home library Current library Date acquired Source of acquisition Cost, normal purchase price Total Checkouts Full call number Barcode Date last seen Copy number Cost, replacement price Koha item type
    Dewey Decimal Classification   Not For Loan Non-fiction D.B.Act.Division D.B.Act.Division 08/12/2008 DBAD / VEN 175.00   130 NAI EN-75582 08/12/2008 1 175.00 English Books

© Delhi Public Library
Hit Counter
free hit counter